Responsabilidad civil por contaminación marina por vertido de hidrocarburos. A propósito del Prestige

Shranjeno v:
Bibliografske podrobnosti
Main Authors: Huerta Viesca, María Isabel (Author), Rodríguez Ruiz de Villa, Daniel (Author)
Format: Knjiga
Jezik:španščina
Izdano: Gijón Universidad de Oviedo 2004
Izdaja:1a. ed
Serija:Ciencias Jurídicas
Teme:
Oznake: Označite
Brez oznak, prvi označite!

MARC

LEADER 00000nam a2200000 a 4500
001 UCK7357
003 CL-VaPUC
008 051118e20040000SP |||||||||||||||||spa|d
020 |a 8483173786 
082 0 4 |a 344.04626  |b HUE  |2 21 
100 0 |a Huerta Viesca, María Isabel  |e author  |9 496888 
700 0 |a Rodríguez Ruiz de Villa, Daniel  |e author  |9 496889 
245 1 0 |a Responsabilidad civil por contaminación marina por vertido de hidrocarburos. A propósito del Prestige 
250 |a 1a. ed 
300 |a 169 p 
942 |c BK 
945 |d 20051118 00:00:00  |a cmena 
260 |a Gijón  |b Universidad de Oviedo  |c 2004 
650 0 |a Contaminación ambiental  |9 314181 
650 7 |a CONTAMINACION MARINA  |2 CL-VaPUC  |9 496890 
650 0 |a Jurisprudencia  |9 255952 
650 7 |a RESPONSABILIDAD CIVIL  |2 CL-VaPUC  |9 496891 
650 0 |a Transporte marítimo  |9 260127 
650 0 |a Contratos  |9 255153 
583 |a last modification  |c 20051118 00:00:00  |k Rodrigo Vera 
490 0 |a Ciencias Jurídicas 
999 |c 315342  |d 315340 
952 |0 0  |1 0  |4 0  |6 344_046260000000000_HUE_2004  |7 0  |8 A  |9 388446  |a BIBDER  |b BIBDER  |d 2019-11-22  |i 4181697  |o 344.04626 HUE 2004  |p 4181697  |r 2023-01-25  |w 2019-11-22  |y BK  |k DER